00453nam a22001337a 4500008004100000020001800041050001900059100002200078245011500100250001200215260004400227300002800271521002000299170131b xxu||||| |||| 00| 0 eng d a9781884585548 aH 62 .L66 2005 aLomand, Turner C. aSocial Science Research:bA Cross Section of Journal Articles for Discussion and Evaluation/cTurner C. Lomand a4th ed. aCalifornia:bPyrczak Publishing,c2005. avi,173p.:bill.;c28cm. aIncludes index.